| 000 | 03257nam a22007697a 4500 | ||
|---|---|---|---|
| 001 | 5518778 | ||
| 003 | LIBRIS | ||
| 005 | 20241031114840.0 | ||
| 008 | 011211s1985 ne |||||||||||000 0|eng|c | ||
| 020 | _a0444903577 | ||
| 020 |
_a0720472008 _qhela verket |
||
| 020 | _a0444904042 | ||
| 020 | _a0444903572 | ||
| 040 |
_aC _ea _beng _cDLC |
||
| 041 | _aeng | ||
| 080 |
_a616.8 _bV-69 |
||
| 082 | 4 |
_a616.9 _b92 |
|
| 082 | 4 |
_a616.9 _b92 |
|
| 084 |
_aVeba _2kssb/8 (machine generated) |
||
| 084 |
_aVef _2kssb/5 |
||
| 084 |
_aVef _2kssb/6 |
||
| 100 |
_9806 _aVinken, J., P. _eEditor |
||
| 245 | 0 | 0 |
_aHandbook of clinical neurology: Volume 46 _nNeurobehavioural disorders / _pthis vol. has been co-edited by J.A.M. Frederiks. _c/ by: Elsevier Science Publishing CO., Inc |
| 260 |
_aNew York _bElsevier Science Publishing CO., Inc _c1985 |
||
| 300 |
_a696 p. _bill. |
||
| 650 | 2 | _aNervous system diseases | |
| 650 | 0 |
_aNeurology _9100 |
|
| 650 | 2 | _aOrganic mental disorders | |
| 650 | 7 |
_aSpine _2BNB |
|
| 650 | 7 |
_aman _2BNB |
|
| 650 | 2 | _aNervous system diseases | |
| 650 | 2 | _aNervous system disorders | |
| 650 | 2 | _aNeuropsychology | |
| 650 | 2 | _aOrganic mental disorders | |
| 650 | 2 | _aNervous system disorders | |
| 650 | 2 | _aNeuropsychology | |
| 650 | 2 | _aOrganic mental disorders | |
| 650 | 2 | _aNeurology: handbooks | |
| 650 | 2 | _aNervous system diseases: handbooks | |
| 653 | _aნევროლოგია | ||
| 653 | _aნერვული სისტემის დაავადებები | ||
| 653 | _aხერხემალი | ||
| 700 | 1 |
_aVinken, Pierre J. _eunspecifiedContributor _4oth _0https://libris.kb.se/42gjk28n3g11g1m#it |
|
| 700 | 1 |
_aBruyn, George W. _eunspecifiedContributor _4oth |
|
| 700 | 1 |
_aKlawans, Harold L. _eunspecifiedContributor _4oth |
|
| 700 | 1 |
_aFrederiks, J. A. M. _eunspecifiedContributor _4oth |
|
| 740 | 0 | _aNeurobehavioural disorders | |
| 772 | 0 | 0 |
_7nn _tHandbook of clinical neurology _ceditors: Pierre J. Vinken, George W. Bruyn, Harold L. Klawans _dAmsterdam : Elsevier, 1968- _z0-7204-7200-8 _w0720472008 |
| 887 |
_a{"@id":"xf71qm785ptq1x5","modified":"2008-10-06T10:31:42+02:00","checksum":"47120070573"} _2librisxl |
||
| 887 |
_a{"@id":"jntg98hp0q9z5wq","modified":"2018-06-05T18:08:56.824+02:00","checksum":"89432881499"} _2librisxl |
||
| 887 |
_a{"@id":"kpvhb9jq47xfjc4","modified":"2020-03-06T12:54:25.555+01:00","checksum":"67842417651"} _2librisxl |
||
| 887 |
_a{"@id":"mrxkdcls1tc2m19","modified":"2015-08-10T15:32:11+02:00","checksum":"71913717051"} _2librisxl |
||
| 887 |
_a{"@id":"nszlfdmt0w237cr","modified":"2018-02-21T13:17:34+01:00","checksum":"77170983339"} _2librisxl |
||
| 900 | 1 | s |
_6700 _uVinken, Pierre J. |
| 942 |
_2udc _cBK |
||
| 999 |
_c1323 _d1323 |
||